La infancia en la narrativa española de posguerra, 1939-1978.
Saved in:
| Main Author: | |
|---|---|
| Format: | Book |
| Language: | English |
| Published: |
Madrid, España:
Playor,
1979.
|
| Series: | Colección Nova Scholar.
|
| Subjects: | |
| Tags: |
Add Tag
No Tags, Be the first to tag this record!
|
MARC
| LEADER | 00000nam a22000007a 4500 | ||
|---|---|---|---|
| 003 | CL-VaPUC | ||
| 005 | 20241127090150.0 | ||
| 008 | 241121t1979 ||||| |||| 00| 0 eng d | ||
| 999 | |c 445877 |d 445875 | ||
| 020 | |a 84-359-0209-9 | ||
| 040 | |c Pontificia Universidad Católica de Valparaíso | ||
| 082 | |2 22 |a 863.6 GOD 1979 | ||
| 100 | |9 894121 |a Godoy, Eduardo |e autor | ||
| 245 | |a La infancia en la narrativa española de posguerra, 1939-1978. | ||
| 260 | |a Madrid, España: |b Playor, |c 1979. | ||
| 300 | |a 198 páginas. | ||
| 490 | |a Colección Nova Scholar. | ||
| 500 | |a c.1: Donación. Memo EDU. 4-11-2024. | ||
| 500 | |a Contiene dedicatoria: "Para Haydeé, con afecto de E. Godoy. Valparaíso, agosto, 84". | ||
| 583 | |c 20241121 |k Yessy Sthefany Diaz Vidal | ||
| 650 | 0 | |9 265052 |a Novelas españolas |x Infancia |v Historia y crítica |y Siglo 20 | |
| 650 | 0 | |9 331803 |a Guerra civil española |x Posguerra |x Escritores españoles | |
| 942 | |2 ddc |c BK | ||
| 952 | |0 0 |1 0 |2 ddc |4 0 |6 863_600000000000000_GOD_1979 |7 0 |8 A |9 598194 |a BIBEDU |b BIBEDU |d 2024-11-21 |e Donación |i 5663330 |o 863.6 GOD 1979 |p 5663330 |r 2024-11-21 |t 1 |w 2024-11-21 |y BK |k EDU | ||